Chess Pieces - 15 second Sprint - Statistics

General Stats
  • This quiz has been taken 306 times
  • The average score is 6 of 6
Answer Stats
Hint Answer % Correct
moves 1 space in any direction king
94%
moves anywhere in any direction queen
94%
moves in a 'l' shape knight
92%
only moves forward pawn
92%
moves across and forward rook
92%
moves diagonally bishop
91%
No matching quizzes found
Score Distribution
Percent of People with Each Score
Percentile by Number Answered
Your Score History
You have not taken this quiz